Statistics for MCU charaters

Click here to take the quiz!

General Stats

  • This quiz has been taken 165 times
  • The average score is 40 of 77

Answer Stats

HintAnswer% Correct
Frozen for almost 70 yearsCaptain America
98%
SMASH!!!!!!Hulk
98%
Former director of shieldNick Fury
98%
God of ThunderThor
98%
Femme FataleBlack Widow
95%
Never missed a shotHawkeye
95%
Has a Iron SuitIron Man
95%
God of MischefLoki
94%
Ruler of WakandaBlack Panther
89%
Keeper of the mind stoneVision
88%
Little to GiantAnt-Man
87%
Super FastQuicksilver
87%
Has the infinity gauntletThanos
86%
Thanos's Favorite DaugtherGamora
82%
Web to WebSpider-Man
81%
Brain washed by HYDRAWinter Soldier
81%
The MCU's version of Jean GreyScarlet Witch
80%
From planet XGroot
78%
worked at shield now works at stark towerMaria Hill
74%
Red and obessed with the Space StoneRed Skull
74%
Terrain and alienStarlord
73%
The other CaptainCaptain Marvel
72%
Hate's Ronan and ThanosDrax
71%
Peace In Our TimeUltron
71%
Thor and her KissJane Foster
70%
Whats a RaccoonRocket Raccoon
69%
the newest member of the GOTGMantis
67%
Space RobotNebula
67%
I pull up to the generals tower with a tank. Boom is this what you're looking for!War Machine
66%
I didn't say I was a pilotFalcon
60%
Kree warlordRonan
59%
Jane's assitantDarcy
57%
THE ALLFATHEROdin
57%
Tony's dadHoward Stark
56%
First MCU VillianIron Monger
56%
Iron Man 3 VillianMandarin
55%
was friend with StarlordYondu
55%
created wasp and ant man and the pym particuleHank Pym
54%
Captain America Civil War's VillianZemo
54%
Devil of Hells kitchenDaredevil
53%
Died In the battle of new yorkPhil Coulson
53%
Change Your RealityDoctor Strange
50%
punishes peoplePunisher
50%
Hope takes the role of her motherWasp
50%
Obessed with Pym ParticulesYellow Jacket
50%
Before VisionJarvis
48%
His life study is the 9 relmesErik
43%
The new voice after JARVISFriday
43%
Hero with a drinking problemJessica Jones
43%
Has the best collection in the galaxyThe Collector
41%
General Ross's DaugtherBetty Ross
40%
Kingpin of CrimeKingpin
36%
Worked for SHIELD now for the CIAAgent 13
34%
amazing chiIron Fist
34%
Loki's real DadLaufey
33%
Godesse of WarSif
33%
female assasinElektra
32%
Hates the HulkGeneral Ross
28%
had her own Tv showPeggy Carter
28%
QuakeDaisy
26%
He's in the end credit secen in GOTGHoward the Duck
23%
searched a long time for strangeAncient One
20%
MockingbirdBobbi
16%
thanos's minionThe Other
16%
great at scienceSimmons
13%
one of the heads of HYDRAWard
13%
loves bobbiHunter
11%
child star and jessica's best friendPatsy Walker
10%
Ronan's minionKorath
9%
the dead version of wardHive
8%
daisy's partnerMack
8%
MindcontrolrKillgrave
6%
coulson's number 2Agent May
5%
Dark ElfMalekth
3%
Can see allHeimdel
2%
great with techFizts
1%
unbreakable skinLuke Cgae
1%

Score Distribution

Percentile by Number Answered

Percent of People with Each Score

Your Score History

You have not taken this quiz